<?xml version="1.0" encoding="UTF-8"?>
<record
    xmlns:xsi="http://www.w3.org/2001/XMLSchema-instance"
    xsi:schemaLocation="http://www.loc.gov/MARC21/slim http://www.loc.gov/standards/marcxml/schema/MARC21slim.xsd"
    xmlns="http://www.loc.gov/MARC21/slim">

  <leader>01599nam a22002777a 4500</leader>
  <controlfield tag="005">20231003122454.0</controlfield>
  <controlfield tag="008">230929b           ||||| |||| 00| 0 eng d</controlfield>
  <datafield tag="020" ind1=" " ind2=" ">
    <subfield code="a">9789356380400</subfield>
  </datafield>
  <datafield tag="040" ind1=" " ind2=" ">
    <subfield code="c">AL</subfield>
  </datafield>
  <datafield tag="041" ind1=" " ind2=" ">
    <subfield code="a">hin</subfield>
  </datafield>
  <datafield tag="082" ind1=" " ind2=" ">
    <subfield code="2">23</subfield>
    <subfield code="a">H891.4</subfield>
    <subfield code="b">DODH</subfield>
  </datafield>
  <datafield tag="100" ind1=" " ind2=" ">
    <subfield code="a">N M Dodiya: &#x90F;&#x928;  &#x90F;&#x92E; &#x921;&#x94B;&#x921;&#x93F;&#x92F;&#x93E; </subfield>
    <subfield code="9">135866</subfield>
  </datafield>
  <datafield tag="245" ind1=" " ind2=" ">
    <subfield code="a">Hindi Sahitya Paryavaran Samskrati Evam Anusandhan: </subfield>
    <subfield code="b">&#x939;&#x93F;&#x928;&#x94D;&#x926;&#x940; &#x938;&#x93E;&#x939;&#x93F;&#x924;&#x94D;&#x92F; &#x92A;&#x930;&#x94D;&#x92F;&#x93E;&#x935;&#x930;&#x923; &#x938;&#x902;&#x938;&#x94D;&#x915;&#x943;&#x924;&#x93F; &#x90F;&#x935;&#x902; &#x905;&#x928;&#x941;&#x938;&#x902;&#x927;&#x93E;&#x928; Vol 1</subfield>
  </datafield>
  <datafield tag="260" ind1=" " ind2=" ">
    <subfield code="a">Jaipur</subfield>
    <subfield code="b">Mark Publishers</subfield>
    <subfield code="c">2023</subfield>
  </datafield>
  <datafield tag="300" ind1=" " ind2=" ">
    <subfield code="a">iv,255p.</subfield>
    <subfield code="b">HB</subfield>
    <subfield code="c">24x16cm.</subfield>
  </datafield>
  <datafield tag="365" ind1=" " ind2=" ">
    <subfield code="2">1526A/P2020</subfield>
    <subfield code="a">1526A/P/2020</subfield>
    <subfield code="b">1260.00</subfield>
    <subfield code="c">&#x20B9;</subfield>
    <subfield code="d">1800.00</subfield>
    <subfield code="e">30%</subfield>
    <subfield code="f">11-09-2023</subfield>
  </datafield>
  <datafield tag="440" ind1=" " ind2=" ">
    <subfield code="n">Vol 1</subfield>
    <subfield code="9">135440</subfield>
  </datafield>
  <datafield tag="520" ind1=" " ind2=" ">
    <subfield code="a">1. &#x939;&#x93F;&#x928;&#x94D;&#x926;&#x940;  &#x938;&#x93E;&#x939;&#x93F;&#x924;&#x94D;&#x92F; &#x915;&#x93E; &#x906;&#x926;&#x93F;&#x915;&#x93E;&#x932; 
2.&#x91C;&#x93E;&#x92F;&#x938;&#x940; 
3.&#x92D;&#x915;&#x94D;&#x924;&#x93F; &#x915;&#x93E;&#x932; 
4.&#x92D;&#x915;&#x94D;&#x924;&#x93F;&#x915;&#x93E;&#x932; &#x92E;&#x948;&#x902; &#x938;&#x902;&#x924; &#x915;&#x93E;&#x935;&#x94D;&#x92F; 
5.&#x915;&#x92C;&#x940;&#x930; 
6.&#x92D;&#x915;&#x94D;&#x924;&#x93F;&#x915;&#x93E;&#x932;&#x940;&#x928; &#x905;&#x928;&#x94D;&#x92F; &#x915;&#x935;&#x93F; 
7.&#x938;&#x917;&#x941;&#x923;  &#x92D;&#x915;&#x94D;&#x924;&#x93F; 
8.&#x938;&#x942;&#x930;&#x926;&#x93E;&#x938; 
9. &#x924;&#x941;&#x932;&#x938;&#x940;&#x926;&#x93E;&#x938; 
10. &#x930;&#x939;&#x940;&#x92E; 
11.&#x92C;&#x93F;&#x939;&#x93E;&#x930;&#x940; 
12.&#x92A;&#x930;&#x92E; &#x938;&#x902;&#x924; &#x930;&#x948;&#x926;&#x93E;&#x938; 
13.&#x92E;&#x940;&#x930;&#x93E;&#x92C;&#x93E;&#x908; 
14.&#x930;&#x940;&#x924;&#x93F;&#x915;&#x93E;&#x932; </subfield>
  </datafield>
  <datafield tag="650" ind1=" " ind2=" ">
    <subfield code="a">Bhakti Kal: &#x92D;&#x915;&#x94D;&#x924;&#x93F; &#x915;&#x93E;&#x932; </subfield>
    <subfield code="9">135441</subfield>
  </datafield>
  <datafield tag="650" ind1=" " ind2=" ">
    <subfield code="a">Rahim: &#x930;&#x939;&#x940;&#x92E; </subfield>
    <subfield code="9">135442</subfield>
  </datafield>
  <datafield tag="650" ind1=" " ind2=" ">
    <subfield code="a">Bihari: &#x92C;&#x93F;&#x939;&#x93E;&#x930;&#x940; </subfield>
    <subfield code="9">135443</subfield>
  </datafield>
  <datafield tag="650" ind1=" " ind2=" ">
    <subfield code="a">Tulsidas: &#x924;&#x941;&#x932;&#x938;&#x940;&#x926;&#x93E;&#x938; </subfield>
    <subfield code="9">135444</subfield>
  </datafield>
  <datafield tag="650" ind1=" " ind2=" ">
    <subfield code="a">Hindi Prose: &#x939;&#x93F;&#x902;&#x926;&#x940; &#x917;&#x927;&#x94D;&#x92F; </subfield>
    <subfield code="9">135526</subfield>
  </datafield>
  <datafield tag="700" ind1=" " ind2=" ">
    <subfield code="a">DODIYA (N M): &#x921;&#x94B;&#x921;&#x93F;&#x92F;&#x93E; (&#x90F;&#x928;  &#x90F;&#x92E;)</subfield>
    <subfield code="9">135445</subfield>
  </datafield>
  <datafield tag="942" ind1=" " ind2=" ">
    <subfield code="2">ddc</subfield>
    <subfield code="c">BK</subfield>
  </datafield>
  <datafield tag="999" ind1=" " ind2=" ">
    <subfield code="c">228898</subfield>
    <subfield code="d">228898</subfield>
  </datafield>
  <datafield tag="952" ind1=" " ind2=" ">
    <subfield code="0">0</subfield>
    <subfield code="1">0</subfield>
    <subfield code="2">ddc</subfield>
    <subfield code="4">0</subfield>
    <subfield code="7">3</subfield>
    <subfield code="8">HIN</subfield>
    <subfield code="a">AL</subfield>
    <subfield code="b">AL</subfield>
    <subfield code="d">2023-09-27</subfield>
    <subfield code="e">Alka Prakashan, Kanpur-208007</subfield>
    <subfield code="g">1260.00</subfield>
    <subfield code="l">0</subfield>
    <subfield code="o">H891.4 DODH</subfield>
    <subfield code="p">076828</subfield>
    <subfield code="r">2023-09-29 00:00:00</subfield>
    <subfield code="v">1800.00</subfield>
    <subfield code="w">2023-09-29</subfield>
    <subfield code="y">BK</subfield>
  </datafield>
</record>
